Korea : art and archaeology /

Bibliographic Details
Main Author: Portal, Jane
Format: Book
Language:English
Published: New York, NY : Thames & Hudson, [2000]
Subjects:

MARC

Tag First Indicator Second Indicator Subfields
LEADER 00000cam a2200000Ia 4500
001 in00001542213
005 20151022061154.0
008 000504s2000 nyua b 001 0 eng d
010 |a  99066554  
020 |a 0500282021 
035 |a (OCoLC)ocm43981439 
040 |a WHE  |c WHE  |d TXA  |d UtOrBLW 
043 |a a-kr--- 
049 |a TXAM 
090 |a DS904  |b .P67 2000 
100 1 |a Portal, Jane. 
245 1 0 |a Korea :  |b art and archaeology /  |c Jane Portal. 
264 1 |a New York, NY :  |b Thames & Hudson,  |c [2000] 
264 4 |c ©2000 
300 |a 240 pages :  |b illustrations (chiefly color) ;  |c 25 cm. 
336 |a text  |b txt  |2 rdacontent 
337 |a unmediated  |b n  |2 rdamedia 
338 |a volume  |b nc  |2 rdacarrier 
504 |a Includes bibliographical references and index. 
651 0 |a Korea  |x Civilization. 
651 0 |a Korea  |x Antiquities. 
650 0 |a Art  |z Korea  |x History. 
994 |a E0  |b TXA 
948 |a cataloged  |b h  |c 2000/7/5  |d c  |e blrosas  |f 3:12:52 pm 
999 |a MARS 
999 f f |s e659fa97-bc98-3dcb-b9c8-70b91396c223  |i 3724181c-82c0-3058-a867-81af87568acf  |t 0 
952 f f |p normal  |a Texas A&M University  |b College Station  |c Sterling C. Evans Library  |d Evans: Library Stacks  |t 0  |e DS904 .P67 2000  |h Library of Congress classification  |i unmediated -- volume  |m A14825476396 
998 f f |a DS904 .P67 2000  |t 0  |l Evans: Library Stacks